000 00261nam a2200109Ia 4500
008 221102s9999 xx 000 0 und d
041 _aeng
082 _bPad
100 _aPadmanabhan Manjula
_995145
245 _aHarvest
260 _bHhachette india
_c1905-07-09
999 _c82281
_d82281